با بر ی مسجد / ر ا م جنم بھو می تنا ز عہ (Record no. 169881)

MARC details
000 -LEADER
fixed length control field 00645nam a22001937a 4500
005 - DATE AND TIME OF LATEST TRANSACTION
control field 20191206145500.0
010 ## - LCCN (DPL NO)
LC control number B-77897
020 ## - INTERNATIONAL STANDARD BOOK NUMBER
Terms of availability 100.00
International Standard Book Number -
035 ## - SYSTEM CONTROL NUMBER
System control number B-77897
037 ## - SOURCE OF ACQUISITION
Source of stock number/acquisition BPPD
082 ## - DEWEY DECIMAL CLASSIFICATION NUMBER
Classification number 291.7
100 ## - MAIN ENTRY--PERSONAL NAME
Personal name شہلا نو ا ب
245 ## - TITLE STATEMENT
Title با بر ی مسجد / ر ا م جنم بھو می تنا ز عہ
Statement of responsibility, etc شہلا نو ا ب
246 ## - VARYING FORM OF TITLE
Title proper/short title Babri Masjid/ Ram Janam Bhumi Tanazah
Remainder of title by Shehla Nawab
260 ## - PUBLICATION, DISTRIBUTION, ETC. (IMPRINT)
Place of publication, distribution, etc Delhi
Date of publication, distribution, etc 2002 ء
Name of publisher, distributor, etc Shehla Nawab
270 ## - ADDRESS
Address 4126,Katra Nizamulmulk,Urdu Bazar,Jama Masjid,
City Delhi
Telephone number -
Postal code 110006
300 ## - PHYSICAL DESCRIPTION
Extent 112 ص
Dimensions 22 cm(hb)
942 ## - ADDED ENTRY ELEMENTS (KOHA)
Source of classification or shelving scheme Dewey Decimal Classification
Item type Urdu Bks
Classification part 291.7
Call number suffix ش ہ ل
Holdings
Withdrawn status Lost status Not for loan Collection code Home library Current library Date acquired Source of acquisition Cost, normal purchase price Full call number Barcode Copy number Cost, replacement price Koha item type
    Ordered Non-fiction Central Library Central Library 06/12/2019 BPPD/Ven. 100.00 291.7 ش ہ ل B-77897 1 100.00 Urdu Bks

© Delhi Public Library
Hit Counter
free hit counter